| 000 | 00568nam a2200205 a 4500 | ||
|---|---|---|---|
| 003 | OSt | ||
| 005 | 20151026133602.0 | ||
| 008 | 111215s2011 spc|||| 001 0|spa|d | ||
| 017 |
_aDL B. 33648-2011 _bBiblioteca de Catalunya |
||
| 020 | _a9788432921629 | ||
| 040 |
_aES-BaBC _bcat _cCDMR |
||
| 100 | 1 | _aGuembe, Javier | |
| 245 | 1 | 0 |
_aTwitter para dummies _cJavier Guembe |
| 260 |
_aBarcelona _bCentro Libros PAPF _c2011 |
||
| 300 |
_a208 p. _bil. _c18 cm |
||
| 490 | 1 | _a--Para dummies | |
| 504 | _aÍndex | ||
| 650 | 0 | 4 |
_93128 _aXarxes socials en línia |
| 942 | _cMON | ||
| 999 |
_c6622 _d6622 |
||